[Event "RSA-chT U20"]
[Site "Boksburg"]
[Date "2020.01.06"]
[Round "4.6"]
[White "Van der Lingen, Waldi"]
[Black "Lee, Joel1111"]
[Result "1-0"]
[WhiteElo "1494"]
[BlackElo "1424"]
[PlyCount "153"]
[EventDate "2020.01.04"]
[EventType "team-tourn"]
[EventRounds "7"]
[EventCountry "RSA"]
[SourceTitle "CBM 194 Extra"]
[Source "ChessBase"]
[SourceDate "2020.03.31"]
[SourceVersion "1"]
[SourceVersionDate "2020.03.31"]
[SourceQuality "1"]
[WhiteTeam "Johannesburg Metro U20"]
[BlackTeam "Western Province U20"]
[WhiteTeamCountry "RSA"]
[BlackTeamCountry "RSA"]

1. d4 Nf6 2. Nf3 e6 3. e3 b6 4. Bd3 Bb7 5. 0-0 d5 6. b3 Bd6 7. Bb2 0-0 8. Ne5 c5 9. Nd2 Qc7 10. f4 Nbd7 11. Rf3 Ne4 12. Rh3 g6 13. Rc1 Rac8 14. c4 Bxe5 15. dxe5 Nxd2 16. Qxd2 Rfd8 17. Qf2 Nf8 18. Qe2 dxc4 19. Bxc4 Rd7 20. Bb5 Bc6 21. Bc4 Rcd8 22. Bc3 Qb7 23. Ba6 Qa8 24. a4 Be4 25. Rg3 Bd3 26. Bxd3 Rxd3 27. e4 Rxg3 28. hxg3 Qc8 29. Rd1 Rxd1+ 30. Qxd1 Qd7 31. Qxd7 Nxd7 32. Kf2 Kf8 33. Ke3 Ke7 34. g4 Nb8 35. g5 Kd7 36. Kd3 Na6 37. Kc4 Kc6 38. Bd2 Nc7 39. b4 cxb4 40. Bxb4 a6 41. a5 b5+ 42. Kd4 Ne8 43. Bc5 Ng7 44. g4 Ne8 45. Bb6 Ng7 46. Kc3 Ne8 47. Kb4 Ng7 48. Bc5 Ne8 49. Bf8 Nc7 50. Bh6 Na8 51. Bg7 Nc7 52. Bf8 Ne8 53. Bh6 Nc7 54. Bg7 Ne8 55. Bf8 Nc7 56. f5 exf5 57. gxf5 gxf5 58. exf5 Kd5 59. Bd6 Ne8 60. Bb8 Ng7 61. e6 Nxe6 62. fxe6 fxe6 63. Kc3 e5 64. Ba7 Ke4 65. Kd2 b4 66. Bc5 Kf5 67. Be3 Ke4 68. Ke2 b3 69. Bc1 Kd5 70. Kd3 Kc5 71. Kc3 Kb5 72. Kxb3 Kxa5 73. Kc4 Kb6 74. Kd5 Kc7 75. Kxe5 Kd7 76. Kf6 Ke8 77. Kg7 1-0

[Event "RSA-chT U20A"]
[Site "Boksburg"]
[Date "2018.12.20"]
[Round "7.5"]
[White "Amsterdam, Nathan"]
[Black "Van der Lingen, Waldi"]
[Result "1-0"]
[WhiteElo "1691"]
[BlackElo "1528"]
[PlyCount "100"]
[EventDate "2018.12.16"]
[EventType "team-tourn"]
[EventRounds "7"]
[EventCountry "RSA"]
[SourceTitle "EXT 2020"]
[Source "ChessBase"]
[SourceDate "2019.10.17"]
[SourceVersion "1"]
[SourceVersionDate "2019.10.17"]
[SourceQuality "1"]
[WhiteTeam "Western Province U20"]
[BlackTeam "Johannesburg Metro U20"]
[WhiteTeamCountry "RSA"]
[BlackTeamCountry "RSA"]

1. e4 c5 2. Nc3 a6 3. g3 Nc6 4. Bg2 Qc7 5. d3 b5 6. Nh3 e6 7. 0-0 Bb7 8. f4 Nd4 9. Ne2 Nf6 10. c3 Nc6 11. Nf2 d5 12. f5 exf5 13. exd5 Ne5 14. Bf4 Bd6 15. d4 Ned7 16. Qd3 0-0 17. Qxf5 c4 18. Bxd6 Qxd6 19. Qf4 Qxf4 20. Nxf4 Nb6 21. Ne4 Nxe4 22. Bxe4 Rad8 23. Rae1 Nc8 24. Bg2 Rfe8 25. Re5 Nd6 26. Rfe1 Kf8 27. Kf2 h6 28. Nh5 f6 29. Re6 Bc8 30. Nf4 Kf7 31. Bh3 g5 32. Rxe8 Rxe8 33. Be6+ Kg7 34. Nh5+ Kg6 35. g4 f5 36. h3 f4 37. Bxc8 Rxe1 38. Bf5+ Kf7 39. Kxe1 Ne8 40. Kf2 Nd6 41. Kf3 a5 42. a3 Ne8 43. Ke4 Nd6+ 44. Ke5 Ke7 45. Bg6 Nc8 46. Nf6 Nd6 47. Ne4 Nc8 48. d6+ Kd8 49. Nc5 Nb6 50. Bf5 Ke8 1-0